000 00697nam a2200217 4500
003 OSt
005 20240626014537.0
006 a
008 240626b |||||||| |||| 00| 0 eng d
020 _a9789713703910
040 _aDWCL-Main lib.
_cOC
082 _aFil. 658.4062 V834 2010
110 _aJemma Development Group
245 _aEntrepreneurial and Career development : applying computers in business /
260 _aS.l. :
_bJemma Inc. ,
_cc2010.
300 _ax,
_b188 p. : ill. ;
_c26 cm.
504 _aIncludes bibliographical references.
650 _a1. Entrepreneurship-Computer applications.
650 _a2. Business-Computer application
942 _2ddc
_n0
_cBK - FIL
_kFil.
999 _c1357
_d1357